Statistics for NBA All Time Steal Leaders

Click here to take the quiz!

General Stats

  • This quiz has been taken 10 times
  • The average score is 10 of 20

Answer Stats

# of StealsPlayer% Correct
3265John Stockton
100%
2544Chris Paul
90%
2684Jason Kidd
90%
2207LeBron James
90%
1983Allen Iverson
80%
1944Kobe Bryant
70%
2514Michael Jordan
70%
1861Isiah Thomas
60%
2307Scottie Pippen
60%
2445Gary Payton
50%
2112Alvin Robertson
40%
2207Clyde Drexler
40%
2162Hakeem Olajuwon
20%
2272Julius Erving
20%
2085Karl Malone
20%
1859Kevin Garnett
20%
2310Maurice Cheeks
20%
2075Mookie Blaylock
20%
1957Derek Harper
10%
1818Don Buse
0%

Score Distribution

Percentile by Number Answered

Percent of People with Each Score

Your Score History

You have not taken this quiz